000 00465nam a2200169Ia 4500
999 _c11787
_d11787
003 OSt
005 20201117150354.0
008 190216s9999||||xx |||||||||||||| ||und||
040 _coclc
082 _a823.01
_bHEM/T
100 _aHemming, James
_94674
245 0 _aTent And Paddle /
_cJames Hemming
260 _bLongmans,
_c1961.
_aBombay;
300 _a57p
650 _aEnglish Stories
942 _cBK
_2ddc
_h823.01
_iHEM/T
_k823.01
_mHEM/T